000 00475nam a2200181Ia 4500
008 230711s9999||||xx |||||||||||||| ||und||
020 _a978-93-5260-173-8
041 _aENG
082 _a543.54
_bBA-F
100 _aBanwell,Colin N
245 0 _aFundamentals of molecular spectroscopy
250 _a4th Ed.
260 _c2016
_aNew Delhi
_bMcGraw Hill Education(India) Private Limited
300 _a308
650 _aChemistry
700 _aMcCASH,Elaine M
942 _cBK
999 _c5447
_d5447